000 00469nam a2200193Ia 4500
005 20260605142820.0
008 131103s9999 xx 000 0 und d
040 _aLoreto College
041 _aEnglish
082 _a843
_bCRA
100 _aCraven, Augustus
245 _aRecit d'une soeur
_cAugustus Craven
260 _aParis
_bLibrairie
_c1906
300 _a457p
504 _aIncludes appendice
650 _aFrench fiction
850 _aLCLIB
942 _cBK
999 _c24101
_d74580